Memoria anual 2008: 10 años

Gespeichert in:
Bibliographische Detailangaben
Körperschaft: Fundación San Ignacio del Huinay (VerfasserIn)
Format: Buch
Sprache:Spanisch
Veröffentlicht: Santiago Fundación San Ignacio del Huinay 2008
Schlagworte:
Tags: Tag hinzufügen
Keine Tags, Fügen Sie den ersten Tag hinzu!

MARC

LEADER 00000nam a2200000 a 4500
001 UCG1708
003 CL-VaPUC
008 100513e20080000CL |||||||||||||||||spa|d
082 0 4 |a 306.45  |b FUN  |2 21 
110 2 |a Fundación San Ignacio del Huinay  |e author  |9 549686 
245 1 0 |a Memoria anual 2008: 10 años 
300 |a 40 p 
942 |c BK 
945 |d 20100513 00:00:00  |a dcastane 
260 |a Santiago  |b Fundación San Ignacio del Huinay  |c 2008 
600 0 7 |a FUNDACION HUINAY  |2 CL-VaPUC  |9 549687 
650 0 |a Investigación científica  |9 259857 
650 7 |a CENTRO CIENTIFICO  |2 CL-VaPUC  |9 549688 
583 |a last modification  |c 20100513 00:00:00  |k Rodrigo Vera 
999 |c 340981  |d 340979 
952 |0 0  |1 0  |4 0  |6 306_450000000000000_FUN_2008  |7 0  |8 X  |9 436161  |a FDOBUD  |b FDOBUD  |d 2019-11-22  |i 4672348  |o 306.45 FUN 2008  |p 4672348  |r 2019-11-22  |w 2019-11-22  |y BK_X  |k FHP